MLB Top MVP, Cy Young, and ROY 2013 - Statistics

General Stats
  • This quiz has been taken 32 times
  • The average score is 27 of 40
Answer Stats
# Player Team Pos. % Correct
7 Clayton Kershaw LAD P
100%
1 Clayton Kershaw LAD P
100%
10 David Ortiz BOS DH
100%
1 Miguel Cabrera DET 3B
100%
2 Mike Trout LAA CF
100%
1 Andrew McCutchen PIT CF
96%
6 Joey Votto CIN 1B
96%
1 Max Scherzer DET P
96%
7 Adrián Beltré TEX 3B
92%
7 Dustin Pedroia BOS 2B
92%
6 Evan Longoria TBR 3B
92%
5 Freddie Freeman ATL 1B
92%
2 Paul Goldschmidt ARI 1B
92%
3 Yadier Molina STL C
92%
3 Chris Davis BAL 1B
88%
4 Josh Donaldson OAK 3B
88%
5 Robinson Canó NYY 2B
88%
2 Adam Wainwright STL P
84%
3 José Fernández MIA P
80%
1 José Fernández MIA P
80%
9 Manny Machado BAL 3B
72%
8 Hanley Ramírez LAD SS
60%
4 Matt Harvey NYM P
60%
5 Chris Sale CHW P
56%
4 Matt Carpenter STL 2B
56%
2 Yu Darvish TEX P
52%
1 Wil Myers TBR RF
48%
2 Yasiel Puig LAD RF
48%
10 Jay Bruce CIN RF
44%
2 Jose Iglesias BOS/DET SS
44%
4 Aníbal Sánchez DET P
40%
3 Chris Archer TBR P
40%
3 Hisashi Iwakuma SEA P
36%
4 Hyun Jin Ryu LAD P
36%
9 Carlos Gómez MIL CF
32%
4 Craig Kimbrel ATL P
32%
5 Julio Teherán ATL P
28%
3 Shelby Miller STL P
28%
4 Dan Straily OAK P
8%
5 JB Shuck LAA LF
8%
No matching quizzes found
Score Distribution
Percent of People with Each Score
Percentile by Number Answered
Your Score History
You have not taken this quiz